El papel de las funciones de producción generalizadas en la teoría del costo (Registro nro. 5430)
[ vista simple ]
| 000 -LEADER | |
|---|---|
| fixed length control field | 00841 a2200205 4500 |
| 001 - CONTROL NUMBER | |
| control field | 54260 |
| 005 - DATE AND TIME OF LATEST TRANSACTION | |
| control field | 20260407155813.0 |
| 008 - FIXED-LENGTH DATA ELEMENTS--GENERAL INFORMATION | |
| fixed length control field | 260407a1975 arg spa d |
| 003 - CONTROL NUMBER IDENTIFIER | |
| control field | AR-UNSa-BCEJYS |
| 040 ## - CATALOGING SOURCE | |
| Original cataloging agency | AR-UNSa-BCEJYS |
| Language of cataloging | spa |
| Transcribing agency | AR-UNSa-BCEJYS |
| 080 ## - UNIVERSAL DECIMAL CLASSIFICATION NUMBER | |
| Universal Decimal Classification number | 330.13 |
| Common auxiliary subdivision | Rentabilidad. Principio económico. Utilidad. Valor. Principio del valor |
| 041 ## - LANGUAGE CODE | |
| Language code of text/sound track or separate title | spa |
| 100 1# - MAIN ENTRY--PERSONAL NAME | |
| Personal name | Fernandez Pol, Jorge E. |
| 245 10 - TITLE STATEMENT | |
| Title | El papel de las funciones de producción generalizadas en la teoría del costo |
| 264 #1 - PRODUCTION, PUBLICATION, DISTRIBUTION, MANUFACTURE, AND COPYRIGHT NOTICE | |
| Place of production, publication, distribution, manufacture | Buenos Aires : |
| Name of producer, publisher, distributor, manufacturer | El Coloquio |
| Date of production, publication, distribution, manufacture, or copyright notice | 1975 |
| 300 ## - PHYSICAL DESCRIPTION | |
| Extent | 152 p. |
| Dimensions | 21 cm. |
| 505 ## - FORMATTED CONTENTS NOTE | |
| Formatted contents note | 1. Generalidades sobre la teoría del costo y la producción – 2. Teorema de Wicksell-Johson – 3. Teorema fundamental de la teoría del costo – 4. Funciones de producción generalizadas. |
| 590 ## - LOCAL NOTE (RLIN) | |
| Local note | niveau_biblio:m niveau_hierar:0 |
| 942 ## - ADDED ENTRY ELEMENTS (KOHA) | |
| Koha item type | |
| Withdrawn status | Lost status | Damaged status | Not for loan | Home library | Current library | Shelving location | Date acquired | Total checkouts | Full call number | Barcode | Date last seen | Price effective from | Koha item type |
|---|---|---|---|---|---|---|---|---|---|---|---|---|---|
| Biblioteca Prof. Eusebio Cleto del Rey | Biblioteca Prof. Eusebio Cleto del Rey | 07/04/2026 | 330.13 F362 | L28549 | 07/04/2026 | 07/04/2026 | Libro |